[Event "TUR-ch (Women)"]
[Site "Gaziantep"]
[Date "2024.03.04"]
[Round "2"]
[White "Kalyoncu, Beren"]
[Black "Hatuk, Neris"]
[Result "1-0"]
[WhiteElo "1720"]
[BlackElo "1536"]
[PlyCount "95"]
[EventDate "2024.03.03"]
[EventType "swiss"]
[EventRounds "9"]
[EventCountry "TUR"]
[SourceTitle "CB11_2024"]
[SourceDate "2024.03.13"]
[SourceVersion "1"]
[SourceVersionDate "2024.03.13"]
[SourceQuality "1"]

1. e4 c6 2. c4 d5 3. exd5 cxd5 4. cxd5 Nf6 5. Nc3 Nxd5 6. Nf3 g6 7. Bb5+ Nc6 8. Qa4 Nb6 9. Bxc6+ bxc6 10. Qxc6+ Bd7 11. Qe4 Bg7 12. 0-0 0-0 13. Re1 Re8 14. d4 Bf5 15. Qf4 Nd5 16. Nxd5 Qxd5 17. Qh4 e5 18. dxe5 Bxe5 19. Nxe5 Rxe5 20. Be3 Re4 21. Qf6 Rae8 22. Red1 Qe5 23. Qxe5 R4xe5 24. Bxa7 Re2 25. Bd4 Bc2 26. Rdc1 Rd8 27. Bc3 Bf5 28. a4 Ra8 29. a5 Re7 30. Bd4 Rd7 31. Bb6 Rd2 32. b4 Be6 33. h3 Bf5 34. Rc7 Rb2 35. Bc5 Bd3 36. Rd1 Bb5 37. Rd6 h5 38. Rb6 Ba6 39. Rcc6 Bd3 40. Bd4 Ra2 41. Rc7 Rd2 42. Rcb7 Re8 43. Rb8 Rde2 44. Rxe8+ Rxe8 45. a6 g5 46. a7 Be4 47. Rb8 Kf8 48. Bc5+ 1-0

[Event "EU-ch U12 Girls 31st"]
[Site "Mamaia"]
[Date "2023.09.08"]
[Round "4"]
[White "Kalyoncu, Beren"]
[Black "Ejsymont, Blanka"]
[Result "1/2-1/2"]
[WhiteElo "1595"]
[BlackElo "1548"]
[PlyCount "78"]
[EventDate "2023.09.05"]
[EventType "swiss"]
[EventRounds "9"]
[EventCountry "ROU"]
[SourceTitle "EXT 2024"]
[Source "ChessBase"]
[SourceDate "2023.10.10"]
[SourceVersion "1"]
[SourceVersionDate "2023.10.10"]
[SourceQuality "1"]

1. e4 c5 2. c3 d5 3. exd5 Qxd5 4. d4 Nc6 5. Nf3 Bg4 6. Be2 cxd4 7. cxd4 e6 8. Nc3 Qd8 9. 0-0 Nf6 10. Qa4 Bd6 11. Rd1 0-0 12. Bg5 h6 13. Bxf6 Qxf6 14. Ne4 Qf4 15. Nxd6 Qxd6 16. d5 Qb4 17. Qxb4 Nxb4 18. dxe6 Bxe6 19. a3 Nc6 20. Nd4 Nxd4 21. Rxd4 Rac8 22. Bf3 Rc2 23. b4 b6 24. Rad1 Ra2 25. R4d3 Rc8 26. h3 g6 27. Rd8+ Rxd8 28. Rxd8+ Kg7 29. Rd3 Bc4 30. Re3 b5 31. g4 Kf6 32. Kg2 Ra1 33. Kg3 Rg1+ 34. Kh2 Rf1 35. Kg3 Ra1 36. Bg2 Ra2 37. Bf3 Ra1 38. Bg2 Ra2 39. Bf3 Ra1 1/2-1/2

[Event "TUR-ch U07/12 Girls"]
[Site "Antalya"]
[Date "2023.01.23"]
[Round "3"]
[White "Kalyoncu, Beren"]
[Black "Pehlivan, Oyku"]
[Result "1-0"]
[WhiteElo "1355"]
[BlackElo "1251"]
[PlyCount "143"]
[EventDate "2023.01.17"]
[EventType "swiss"]
[EventRounds "9"]
[EventCountry "TUR"]
[SourceTitle "EXT 2024"]
[Source "ChessBase"]
[SourceDate "2023.10.10"]
[SourceVersion "1"]
[SourceVersionDate "2023.10.10"]
[SourceQuality "1"]

1. d4 d5 2. c4 e6 3. Nf3 Nf6 4. g3 Be7 5. Bg2 0-0 6. 0-0 b6 7. cxd5 exd5 8. Nc3 Bb7 9. Ne5 c5 10. dxc5 bxc5 11. Qb3 Qc7 12. Nxd5 Nxd5 13. Bxd5 Bxd5 14. Qxd5 Na6 15. Nc4 Rad8 16. Qf3 Nb4 17. Bf4 Qc6 18. Qxc6 Nxc6 19. Rfd1 Rd4 20. Rxd4 Nxd4 21. Kf1 Rd8 22. e3 Ne6 23. Be5 f6 24. Bc3 Kf7 25. Ke2 Ng5 26. Ba5 Rd7 27. Rd1 Rxd1 28. Kxd1 Ke6 29. Ke2 Kd5 30. Kd3 Ne4 31. Be1 f5 32. f3 Ng5 33. e4+ fxe4+ 34. fxe4+ Nxe4 35. Ne3+ Ke5 36. Nc2 Kd5 37. b3 Bd8 38. Ne3+ Ke5 39. Ng2 g5 40. Kc4 Bb6 41. Ne3 Nd6+ 42. Kd3 h5 43. Bc3+ Ke6 44. a4 a5 45. Nc4 Nxc4 46. Kxc4 Kf5 47. Kb5 Bd8 48. Bxa5 Bxa5 49. Kxa5 Kg4 50. Kb6 Kh3 51. a5 Kxh2 52. a6 Kxg3 53. a7 h4 54. a8Q h3 55. Qh1 h2 56. Kxc5 g4 57. Kd4 Kh3 58. Ke3 g3 59. Kf3 Kh4 60. Qg2 Kh5 61. Kxg3 h1Q 62. Qxh1+ Kg5 63. Qf3 Kg6 64. Qd5 Kf6 65. b4 Ke7 66. Qc6 Kd8 67. Qb7 Ke8 68. Qc7 Kf8 69. b5 Ke8 70. b6 Kf8 71. b7 Kg8 72. b8Q# 1-0